000 00564nam a2200193Ia 4500
005 20260114185848.0
008 008 260114s9999 xx 000 0 eng d
020 _a9781838606572
037 _aEBOOK
040 _aCRL
_beng
_cCRL
041 _aeng
_2eng
084 _qCRL
100 _aStephen Burge
_9875331
245 4 _aThe Prophet Muhammad Islam and the Divine Message
260 _bBloomsbury
_c2020
856 _uhttps://doi.org/10.5040/9781838606572?locatt=label:secondary_bloomsburyCollections
942 _cEBOOK
999 _c1474265
_d1474265